000
00326nam a2200133Ia 4500
008
191201s2011 xx 000 0 und d
100
_a
HEATH,Michael T
245
0
_a
Scientific Computing: An Introductory Survey
250
_a
2nd
260
_a
N. Delhi
_b
TMH
_c
2011
300
_a
563
650
_a
B.Tech(IT)
942
_2
ddc
_c
BK
999
_c
5056
_d
5056